000
00494nam a2200181Ia 4500
008
090124s9999 xx 000 0 und d
082
_b
130487
100
_a
घाटे निरंजन.
245
_a
11 सप्टेंबर
250
_a
1
260
_c
2001
300
_a
80
600
_a
घाटे निरंजन.
630
_a
11 सप्टेंबर
700
_a
घाटे निरंजन.
730
_a
11 सप्टेंबर
942
_c
BOOK
999
_c
176576
_d
176576